00701cam a2200253 a 4500003000400000005001700004008004100021010001700062020001800079020003000097040001800127042000900145050002300154100003000177245005800207250001200265260004400277300002100321521000700342526000800349650004000357650002500397650002500422OSt20140310184510.0080619s2009 nyu c 000 1 eng  a 2008019625 a9780545385350 a9780385905886 (lib. bdg.) aDLCcDLCdDLC alcac00aPZ 7b.N24Fai 20111 aNaylor, Phyllis Reynolds.10aFaith, hope, and Ivy June /cPhyllis Reynolds Naylor. a1st ed. aNew York, NY :bScholastic Inc.,c2011. a280 p. :c22 cm. aG8 c900 1aStudent exchange programsvFiction. 1aFriendshipvFiction. 1aTolerationvFiction.